00834nam a2200229 a 4500001001000000003000500010005001700015008004100032010001100073011001100084040000900095100004000104245013400144260004100278500006000319502008100379650002700460650001300487650002000500650001400520856007000534000109608CHAP20220329144056.0140514s2014 mx sm |||||||spa d a106070 a107042 cCHAP1 aPérez Martínez, Eliseo Fabián10aCalibración de sensores de humedad en dos sustratos : perlita y tezontleh[En línea]cpor Pérez Martínez Eliseo Fabián. aChapingo, Méx. :bEl autor,c2014. aPara ver el contenido del material haga clic en la liga aTesis (Ing. Agr. Esp. en Irrigación) -- UACH. Departamento de Irrigación aHumedadxCalibración aSensores aSuelosxHumedad aSustratos aFinding aiduhttp://10.13.5.2/tesis/sist109608.pdfzTeclea aquí